书目信息 |
| 题名: |
建筑业统计
|
|
| 作者: | ;天津财经学院工业管理系工业统计教研室 编 | |
| 分册: | ||
| 出版信息: | 北京 中国建筑工业出版社 1977 |
|
| 页数: | 327页 | |
| 开本: | 19cm | |
| 丛书名: | ||
| 单 册: | ||
| 中图分类: | TU91 | |
| 科图分类: | ||
| 主题词: | 地下建筑物--建筑理论 , 地下建筑物--地下工程测量 , 地下建筑测量 , 地下建筑物--计算 | |
| 电子资源: | ||
| ISBN: | ||
| 000 | 00867nam0 2200253 45 | |
| 001 | 0184000699 | |
| 005 | 20060308104748.09 | |
| 010 | @dCNY0.77 | |
| 091 | @a15040.3390 | |
| 100 | @a19960408d1977 em y0chiy0121 ea | |
| 101 | 0 | @achi |
| 102 | @aCN@b110000 | |
| 105 | @ay z 000yy | |
| 200 | 10 | @a建筑业统计@Ajian zhu ye tong ji@f天津财经学院工业管理系工业统计教研室编@Ftian jin cai jing xue yuan gong ye guan li xi gong ye tong ji jiao yan shi bian |
| 210 | @a北京@c中国建筑工业出版社@d1977 | |
| 215 | @a327页@d19cm | |
| 606 | 0 | @a地下建筑物@x建筑理论 |
| 606 | 0 | @a地下建筑物@x地下工程测量 |
| 606 | 0 | @a地下建筑测量 |
| 606 | 0 | @a地下建筑物@x计算 |
| 690 | @aTU91@v3 | |
| 711 | 0 | @a天津财经学院工业管理系工业统计教研室@Atian jin cai jing xue yuan gong ye guan li xi gong ye tong ji jiao yan shi@4编 |
| 801 | 0 | @aCN@bTSSF@c20060308 |
| 905 | @a10447@dTU91@e1 | |
| 建筑业统计/天津财经学院工业管理系工业统计教研室编.-北京:中国建筑工业出版社,1977 |
| 327页;19cm |
| ISBN :CNY0.77 |
| ● |
| 相关链接 |
|
|
|
|
正题名:建筑业统计
索取号:TU91/1
 
预约/预借
| 序号 | 登录号 | 条形码 | 馆藏地/架位号 | 状态 | 备注 |
| 1 | 0005183 | 001481337 | 密集书库/ [索取号:TU91/1] | 在馆 | |
| 2 | 0005184 | 001481346 | 密集书库/ [索取号:TU91/1] | 在馆 |